| 000 | 01429nam a22003737a 4500 | ||
|---|---|---|---|
| 003 | CHAP | ||
| 005 | 20220329141350.0 | ||
| 008 | 971013s1988 r 00010 d | ||
| 010 | _a67085 | ||
| 011 | _a68057 | ||
| 035 | _a77529 | ||
| 040 | _cCHAP | ||
| 090 | _aTesis | ||
| 100 | 0 | 0 |
_aBarrios Alvarado, Lidia Porfiria. _910514 |
| 245 | 1 | 0 |
_aEvaluación de germoplasma en maíz y sorgo al ataque del virus del mosaico y enanismo del maíz, en condiciones de invernadero en Chapingo, México _c/por Lidia Porfiria Barrios Alvarado |
| 260 |
_aChapingo, Méx. : _bEl autor, _c1988 |
||
| 300 | _a52 h. | ||
| 502 | _aTesis (Ing. Agrónomo Esp. en Parasitología Agrícola) -- UACH. Departamento de Parasitología Agrícola | ||
| 590 |
_aALEPH _b10 _c20130110 _lUCH01 _h1401 |
||
| 590 |
_aBATCH-UPD _b10 _c20130110 _lUCH01 _h0741 |
||
| 590 |
_aBATCH-UPD _b10 _c20130410 _lUCH01 _h0423 |
||
| 590 |
_aBATCH-UPD _b10 _c20130914 _lUCH01 _h0542 |
||
| 590 |
_aCONVERSION _b10 _c20130109 _lUCH01 _h1337 |
||
| 650 | 1 | 4 |
_aAchaparramiento del maiz. _9542 |
| 650 | 1 | 4 |
_aMaíz _xEnfermedades por virus. _970943 |
| 650 | 1 | 4 |
_aMaíz _xGermoplasma. _970966 |
| 650 | 1 | 4 |
_aSorgo _xEnfermedades por virus. _9108665 |
| 650 | 1 | 4 |
_aSorgo _xGermoplasma. _9108676 |
| 650 | 1 | 4 |
_aVirus del mosaico del maíz. _9119962 |
| 901 | _aBK | ||
| 942 | _cFOLL | ||
| 949 |
_bBC _cTES _d-30399 _eTS1 _h20623 _i77529 _si |
||
| 949 |
_bBC _cTES _d-47008 _eTS2 _fc.2 _h20624 _i77529 _si |
||
| 999 |
_c67085 _d67085 |
||